| 000 | 01571fam a2200325 a 4500 | ||
|---|---|---|---|
| 001 | 1851959 | ||
| 005 | 20220326193302.0 | ||
| 008 | 960716s1995 ve a b 000 0 spa | ||
| 010 | _a 96169748 | ||
| 020 | _a9802532703 | ||
| 035 | _a(OCoLC)36110968 | ||
| 035 | _a(OCoLC)ocm36110968 | ||
| 035 | _a(NNC)1851959 | ||
| 040 |
_aDLC _cDLC |
||
| 043 | _as-ve--- | ||
| 082 |
_a709.87 _bR175a |
||
| 100 | 1 |
_aRamos, María Elena, _d1947- _91496 |
|
| 245 | 1 | 0 |
_aAcciones frente a la plaza : _breseñas y documentos de siete eventos para una nueva lógica del arte venezolano / _cMaría Elena Ramos. |
| 260 |
_aCaracas : _bFundarte, _c1995 |
||
| 300 |
_a135 p. : _bill. ; _c22 cm. |
||
| 490 | 1 |
_aColección Urbe ; _vno. 4 |
|
| 500 | _aA project of FUNDARTE. | ||
| 504 | _aIncludes bibliographical references. | ||
| 505 |
_tAcciones Frente a la Plaza _rMaria Elena Ramos, FUNDARTE _tSiete Eventos para una nueva logica del arte Venezolano _rJuan Calzadilla _tPersona a Persona _rAlfred Wenemoser _tAccion Divisoria del Espacio _rYeni y Nan _tCeremonia con armas blancas _rCarlos Zerpa _tacerca de la poesía en acción _rDiego Barboza _tHospitalizacion por calculo renal _rMarco Antonio Ettedgui _t¿y por que no? _rAntonieta Sosa _tNubes para Colombia _rPedro Terán _tLa comunicación en las Artes Nuevas _rMaria Elena Ramos |
||
| 650 | 0 |
_aPerformance art _zVenezuela. _91497 |
|
| 650 | 0 |
_aArts, Venezuelan _y20th century. _91498 |
|
| 710 | 2 |
_aFundación para la Cultura y las Artes del Distrito Federal. _91499 |
|
| 830 | 0 |
_aColección Urbe ; _vno. 4. _91500 |
|
| 999 |
_c317 _d317 |
||